000
00303nam a22001217a 4500
008
180606b xxu||||| |||| 00| 0 eng d
041
_a
eng
080
_a
043.3
100
_a
0
101
_a
MEK-BA
245
_a
Ndikimi i Teknologjise se re ne Performancen e Eskavatorit
_c
Krasniqi, A
942
_2
udc
_c
BK
999
_c
46467
_d
46467